| 000 | 00867 am a22002535a 4500 | ||
|---|---|---|---|
| 005 | 20150816112435.0 | ||
| 008 | 150616t2014 xxca fr 001 0 eng d | ||
| 020 | _a1771880155 | ||
| 020 | _a9781771880152 | ||
| 040 |
_aEG-ScBUE _beng _cEG-ScBUE |
||
| 082 | 0 | 4 |
_a621.312136 _bWIN _222 |
| 245 | 0 | 0 |
_aWind turbine technology : _bprinciples and design / _cedited by Mujiwa Adaramola. |
| 260 |
_aOakville ; _aWaretown : _bApple Academic Press Inc., _cc.2014. |
||
| 300 |
_axx, 341 p. : _bill. ; _c24 cm. |
||
| 500 | _aIndex : p. 334-341. | ||
| 504 | _aIncludes bibliographical references. | ||
| 650 | 0 |
_aWind turbines _xDesign and construction. _2BUEsh |
|
| 650 | 0 |
_aWind power. _2BUEsh |
|
| 651 | _2BUEsh | ||
| 653 |
_bENGMEC _bENGGEN _cJune2015 _cAugust2015 |
||
| 655 |
_vreading book _934232 |
||
| 700 | 1 |
_aAdaramola, Muyiwa, _eeditor. |
|
| 942 |
_2ddc _k621.312136 WIN |
||
| 999 |
_c19695 _d19667 |
||